000 00563nam a22002297a 4500
003 UA-OsUOA
001 34704
007 ta
008 20051019b un ||||| |||| 00| 0 ukr d
100 _aКаныгин Ю.
090 _a94(477)
_bК19
942 _cBK
040 _aUA-OsUOA
_bukr
_cUA-OsUOA
_dUA-OsUOA
245 _aПуть ариев
300 _a256 с.
955 _a3
041 _aukr
080 _a94(477)
260 _aК.
_bУкраъна
_c1995
650 7 _a9 Географія. Біографії. Історія
_2UDC
999 _c321131
_d321131